000 01002nam a22002177a 4500
003 0
005 20241002094442.0
008 241002b xxu||||| |||| 00| 0 eng d
020 _a9780358721628
050 _aRC 87
_b.T693 2021
100 _aTorres, John E.,
_eauthor.
245 _aDr. Disaster's guide to surviving everything :
_bessential advice for any situation life throws your way /
_cJohn E. Torres.
260 _aNew York, NY :
_bHarperCollins Publishers,
_c2021.
300 _a240 p. :
_bill. ;
_c21 cm.
504 _aIncludes bibliographical references and index.
520 _a"A practical, all-encompassing guide to disaster preparedness-from avalanches and blackouts to pandemics and wildfires-from NBC News senior medical correspondent and emergency medicine physician Dr. John Torres"-- Provided by publisher.
650 _aFirst aid in illness and injury
_vPopular works.
650 _aEmergency management
_vPopular works.
650 _aSurvival
_vPopular works.
942 _2lcc
_cBK
999 _c366433
_d366433